The Unity of the European Constitution (Record no. 24902)

MARC details
000 -LEADER
fixed length control field 01148nmm a22003375u 4500
005 - DATE AND TIME OF LATEST TRANSACTION
control field 20201028185745.0
008 - FIXED-LENGTH DATA ELEMENTS--GENERAL INFORMATION
fixed length control field 100509s2006 gw j eng d
020 ## - INTERNATIONAL STANDARD BOOK NUMBER
International Standard Book Number 9783540377214
050 04 - LIBRARY OF CONGRESS CALL NUMBER
Classification number KJE4444.95
Item number D36 2006
100 1# - MAIN ENTRY--PERSONAL NAME
Personal name Dann, Philipp.
245 14 - TITLE STATEMENT
Title The Unity of the European Constitution
Medium [electronic resource] /
Statement of responsibility, etc edited by Philipp Dann, Michał Rynkowski.
250 ## - EDITION STATEMENT
Edition statement 1a ed.
260 ## - PUBLICATION, DISTRIBUTION, ETC. (IMPRINT)
Place of publication, distribution, etc Berlin, Heidelberg :
Name of publisher, distributor, etc Springer-Verlag Berlin Heidelberg,
Date of publication, distribution, etc 2006.
300 ## - PHYSICAL DESCRIPTION
Other physical details v.: digital
490 #0 - SERIES STATEMENT
Series statement Beiträge zum ausländischen öffentlichen Recht und Völkerrecht,
Volume number/sequential designation 186
International Standard Serial Number 0172-4770 ;
650 #0 - SUBJECT ADDED ENTRY--TOPICAL TERM
Topical term or geographic name as entry element Derecho constitucional
Form subdivision Congresos
General subdivision Países de la Unión Europea
700 1# - ADDED ENTRY--PERSONAL NAME
Personal name Rynkowski, Michał.
710 2# - ADDED ENTRY--CORPORATE NAME
Corporate name or jurisdiction name as entry element SpringerLink (Online service)
773 0# - HOST ITEM ENTRY
Title Springer eBooks
856 40 - ELECTRONIC LOCATION AND ACCESS
Uniform Resource Identifier http://dx.doi.org/10.1007/978-3-540-37721-4
942 ## - ADDED ENTRY ELEMENTS (KOHA)
Source of classification or shelving scheme Biblioteca del Cogreso de los Estados Unidos
Koha item type Libro Electrónico
Holdings
Estado de pérdida Fuente de clasificación Estado del daño No para préstamo Ubicación permanente Ubicación actual Apartado o colección Fecha de adquisición Área del conocimiento Clasificación Código de Barras Date last seen Número de copia Identificador universal de recursos URL Costo por reposición Tipo de recurso Nota pública
  Biblioteca del Cogreso de los Estados Unidos     Biblioteca Digital Biblioteca Digital Colección Digital 28/10/2020 Ciencias Sociales y Administrativas KJE4444.95 D36 2006 BDIG00008941 28/10/2020 1 http://dx.doi.org/10.1007/978-3-540-37721-4 1.00 Libro Electrónico SpringerLink